Tomorrows promise, from rthe first time in ages aray of hope (Record no. 570913)

000 -LEADER
fixed length control field 00487nam a22001817a 4500
003 - CONTROL NUMBER IDENTIFIER
control field CEME
005 - DATE AND TIME OF LATEST TRANSACTION
control field 20210628202746.0
008 - FIXED-LENGTH DATA ELEMENTS--GENERAL INFORMATION
fixed length control field 210204b xxu||||| |||| 00| 0 eng d
020 ## - INTERNATIONAL STANDARD BOOK NUMBER
International Standard Book Number 1-55661-143-9
040 ## - CATALOGING SOURCE
Transcribing agency .
082 ## - DEWEY DECIMAL CLASSIFICATION NUMBER
Classification number 820 BAE
100 ## - MAIN ENTRY--PERSONAL NAME
Personal name Baer, Judy
9 (RLIN) 61475
245 ## - TITLE STATEMENT
Title Tomorrows promise, from rthe first time in ages aray of hope
260 ## - PUBLICATION, DISTRIBUTION, ETC.
Place of publication, distribution, etc. BETHANY HOUSE
Name of publisher, distributor, etc. ISLAMIC PUBLICATIONS
Date of publication, distribution, etc. 2000
300 ## - PHYSICAL DESCRIPTION
Extent 125P
650 ## - SUBJECT ADDED ENTRY--TOPICAL TERM
Topical term or geographic name entry element ENGLISH FICTION-NOVEL
9 (RLIN) 61476
942 ## - ADDED ENTRY ELEMENTS (KOHA)
Koha item type Book
Source of classification or shelving scheme
Holdings
Withdrawn status Lost status Source of classification or shelving scheme Damaged status Not for loan Permanent Location Current Location Shelving location Date acquired Shelving control number Full call number Barcode Date last seen Price effective from Koha item type Public note
          College of Electrical & Mechanical Engineering (CEME) College of Electrical & Mechanical Engineering (CEME) Fiction 07/20/2017 English Literature 820 BAE CEME-37665 06/28/2021 06/28/2021 Book CART-4
© 2023 Central Library, National University of Sciences and Technology. All Rights Reserved.